000 00399nam a2200157Ia 4500
008 210719s1898 xx 000 0 und d
041 _aeng
082 _a891.2091 FRAL
100 _aFRAZER (R W)
245 _aLiterary history of India
260 _aLondon
_c1898
300 _a485
_bHB
650 _aSanskrit Literature
650 _aSanskrit Literature
906 _ahistory ; India ; Literary
999 _c215979
_d215979